Two Ghosts - Harry Styles (All Lyrics) - Statistics

General Stats
  • This quiz has been taken 73 times
  • The average score is 235 of 263
Answer Stats
Answer % Correct
a
100%
and
100%
be
100%
ghosts
100%
I
100%
just
100%
me
100%
not
100%
place
100%
to
100%
two
100%
we
100%
we're
100%
you
100%
couple
97%
in
97%
it
97%
it's
97%
more
97%
of
97%
same
97%
tattoos
97%
used
97%
who
97%
blue
95%
eyes
95%
how
95%
lips
95%
red,
95%
but
92%
feel
92%
have
92%
shirt,
92%
the
92%
white
92%
feels
89%
heart
89%
remember
89%
see
89%
so
89%
standing
89%
trying
89%
that
86%
what
86%
can't
84%
like
84%
real
84%
beat
81%
looks
81%
something
78%
touch
76%
don't
73%
empty
73%
heartbeat
73%
sweet,
70%
sounds
68%
tastes
68%
this
68%
glass
65%
was
62%
good
59%
half
59%
swimming
59%
need
57%
say
57%
all
54%
mean
54%
moon
54%
never
54%
really
51%
room
51%
side
51%
your
51%
already
49%
i'm
49%
light
49%
over
46%
stories
46%
those
46%
told
46%
dances
43%
telling
43%
'cause
41%
known
41%
washes
41%
we've
41%
fridge
32%
tied
30%
tongue
30%
No matching quizzes found
Score Distribution
Percent of People with Each Score
Percentile by Number Answered
Your Score History
You have not taken this quiz